00378nam a2200133 a 450000100100000000500170001000800410002702000180006804000250008608200150011124500580012626000320018430000280021600004857720201002061242.0190401s2018 dr a r 000 spa d a9789945176803 aDO-SdBNPbspacBNPHU axxxbH722J 0aHola, Jesús 6 :breligión católica, secundaria. aSanto Domingo :bSM,c2018. a127 p. :bil. ;c28 cm.